[Event "Basel Christmas op"]
[Site "Basel"]
[Date "2023.12.27"]
[Round "3"]
[White "Hesse, Henrik"]
[Black "Frei, Thadeus"]
[Result "1-0"]
[WhiteElo "2328"]
[BlackElo "2044"]
[PlyCount "85"]
[EventDate "2023.12.26"]
[EventType "swiss"]
[EventRounds "9"]
[EventCountry "SUI"]
[SourceTitle "CB02_2024"]
[SourceDate "2024.01.10"]
[SourceVersion "1"]
[SourceVersionDate "2024.01.10"]
[SourceQuality "1"]

1. c4 e6 2. g3 d5 3. Bg2 d4 4. Nf3 Nc6 5. 0-0 Bc5 6. d3 Nf6 7. Nbd2 a5 8. Nb3 Be7 9. e3 dxe3 10. Bxe3 Ng4 11. Bc5 a4 12. Bxe7 Qxe7 13. Nbd4 Nxd4 14. Nxd4 Nf6 15. Nb5 0-0 16. d4 Rd8 17. a3 c6 18. Nc3 c5 19. d5 exd5 20. cxd5 Bg4 21. Re1 Qd7 22. Qd3 Bh3 23. Rad1 Bxg2 24. Kxg2 b5 25. Qxb5 Qxb5 26. Nxb5 Rab8 27. Nc3 Rxb2 28. Nxa4 Rc2 29. Rc1 Rxc1 30. Rxc1 Nxd5 31. Rxc5 g6 32. Nb2 Rb8 33. Nc4 Nf6 34. a4 Rb4 35. a5 Ra4 36. Kf3 Kg7 37. Rc6 h5 38. h3 Nd7 39. Ke4 Kf8 40. Kd5 Ke7 41. Rc7 Ra1 42. Nb6 Rxa5+ 43. Kd4 1-0